Exchange rate policies in developing and post-socialist countries / (Record no. 12257)

000 -LEADER
fixed length control field 00903pam a2200193 a 4500
020 ## - INTERNATIONAL STANDARD BOOK NUMBER
ISBN 155815146X (pbk.) :
040 ## - CATALOGING SOURCE
Transcribing agency DLC
082 00 - DEWEY DECIMAL CLASSIFICATION NUMBER
Classification number 332 ICS 1991 A018 Or.
245 00 - TITLE STATEMENT
Title Exchange rate policies in developing and post-socialist countries /
260 ## - PUBLICATION, DISTRIBUTION, ETC. (IMPRINT)
Place of publication San Francisco, Calif. :
Name of publisher ICS Press ;
Place of publication Lanham, Md. :
Name of publisher Distributed to the book trade by National Book Network,
Year of publication c1991.
300 ## - PHYSICAL DESCRIPTION
Number of Pages xix, 443 p. :
Other physical details ill. ;
Dimensions 23 cm.
500 ## - GENERAL NOTE
General note Proceedings of the Second Monetary Conference of the Freie Universität Berlin and the Landeszentralbank Berlin, held May 10-12, 1990, at the Berliner Bank, and sponsored by the International Center for Economic Growth.
500 ## - GENERAL NOTE
General note "An International Center for Economic Growth publication."
650 #0 - SUBJECT ADDED ENTRY--TOPICAL TERM
Topical Term Foreign exchange
650 #0 - SUBJECT ADDED ENTRY--TOPICAL TERM
Topical Term Monetary policy
700 1# - ADDED ENTRY--PERSONAL NAME
Personal name Claassen, Emil Maria,
710 2# - ADDED ENTRY--CORPORATE NAME
Corporate name or jurisdiction name as entry element International Center for Economic Growth.
942 ## - ADDED ENTRY ELEMENTS (KOHA)
Koha item type សៀវភៅភាសាអង់គ្លេស
952 ## - LOCATION AND ITEM INFORMATION (KOHA)
Withdrawn status [LOCAL, KOHA] 0
Holdings
Permanent Location Date acquired Koha item type Lost status Shelving location Barcode Current Location Full call number
Library Block A2017-08-11សៀវភៅភាសាអង់គ្លេស A018A08977Library Block A332 ICS 1991 A018 Or.
មជ្ឈមណ្ឌលឯការនៃសាកលវិទ្យាល័យភូមិន្ទកសិកម្មចំការដូង

Powered by Koha